Quizzes
Events
Quiz Creation
Community
Videos
Private Events
Remove Ads
Sign In
Join for FREE
Feedback
Dark Mode
Quiz Categories
Sports
Geography
Music
Movies
Television
Just For Fun
Miscellaneous
History
Literature
Language
Science
Gaming
Entertainment
Religion
Holiday
For Kids
Quiz Lab
Recent
Popular Today
Quiz Kudos Today
Editor Picks
Curator Picks
Quizzes by...
Day
Popularity
Type
Ratings
Length
Year
Community
Subscriptions
Recent Discussions
Orange Saloon
Badges
Playlists
Quests
Create
Leaderboards
Showdown
Live 5
Trivia Bingo
Activity
Puzzle Library
Sporcle Events
Private Events
Virtual Trivia
Globe League
Become a Host
Pub Owners
SporcleCon
Opinionation
Our Games
Videos
Blog
Mobile Apps
Partnerships
Remove Ads and Go Orange
Feedback
History
US Presidents
World Leaders
Politics
Nation
Discovery
War
Decade
Year
Century
Biography
Art
History
US Presidents
World Leaders
Politics
Nation
Discovery
War
Decade
Year
Century
Biography
Art
Random Quiz
Search Sporcle
×
Quiz Lab
Quiz Lab
History
marriage
Type in answers that appear in a list
Type in answers that appear in a list
Classic
Best Score? Go Orange.
Luxembourgish Princesses by Marriage Stats
Can you name the Luxembourgish Princesses by Marriage?
By
HopeRebron
10m
10 Questions
119 Plays
119 Plays
119 Plays
Comments
Comments
Give Quiz Kudos
Give Quiz Kudos
-
- Ratings
hide this ad
Replay
Link that replays current quiz
Next Quiz
Link to next quiz in quiz playlist
You Got
0%
They Got
Avg Score
58%
Avg Friend Score
Upgrade to see
Score Distribution
Jump to the score distribution portion of the page
Score
0/10
Timer
10:00
0
Plays Today
Husband
Answer
% Correct
Hereditary Grand Duke Guillaume of Luxembourg, later Grand Duke William IV
Infanta Maria Ana of Portugal
90.8%
Hereditary Grand Duke Henri of Luxembourg, later Grand Duke Henri
Maria Teresa Mestre y Batista
90.8%
Hereditary Grand Duke Jean of Luxembourg, later Grand Duke Jean
Princess Joséphine-Charlotte of Belgium
73.1%
Hereditary Grand Duke Guillaume of Luxembourg
Countess Stéphanie de Lannoy
68.1%
Prince Louis of Luxembourg
Tessy Antony
63%
Prince Félix of Luxembourg
Claire Lademacher
62.2%
Prince Guillaume of Luxembourg
Sibilla Weiller y Torlonia
58%
Prince Charles of Luxembourg
Joan Douglas Dillon
51.3%
Prince Jean of Luxembourg
Diane de Guerre
42%
Prince Robert of Luxembourg
Julie Ongaro
38.7%
Quiz Playlist
Details
Report
Send in Message
Add To Playlist
Classic:
Type in answers that appear in a list
Last Updated: Mar 27, 2023
Quiz Scoreboard
CHALLENGE
Sign Up to Join the Scoreboard
Show All
Scores
Hide
Comments
May contain spoilers
Recently Published
Movies - When Are They Set?
by FPL_Elf
Movies
5m
Popular People in 1961
by mucciniale
History
6m
1-10 Letter E Words III
by El_Dandy
Language
2m
More to Explore
Quiz From the Vault
Featured Blog Post
Where Did the Easter Bunny Come From?
hide this ad
You Might Also Like...
Tags
marriage
Today's Top Quizzes in History
Browse History
hide this ad
Today's Top Quizzes in marriage
Browse marriage
Top Contributed Quizzes in History
1
Popular People in 1991
2
Popular People in 1981
3
Popular People in 1951
4
Popular People in 1941
5
Popular People in 1986
6
Popular People in 1976
7
Popular People in 1921
8
I Am Born On March 28th
9
Popular People in 1946
10
Popular People in 1936
Explore More
Trending Topics
Crossword
Harry Potter
NBA
Anime
Disney
Kpop
Marvel
Soccer
Pokémon
Country
Song
Puzzle
The Office
WWE
NFL
hide this ad
More By:
HopeRebron
Quiz
Plays
Rating
Category
Featured
Created
Children of British Monarchs
5,232
5.00
History
Nov 11, 2014
Children of French Monarchs
3,350
3.83
History
Dec 27, 2014
Popular French Royal Baby Names
2,714
4.32
History
Dec 26, 2014
Children of Spanish Monarchs
1,683
3.00
History
Dec 29, 2014
Children of Russian Monarchs
1,612
4.00
History
Jun 27, 2016
Go to Creator's Profile
Score Distribution
Quiz Creator Spotlight
HopeRebron
Follow
Send a Message
Quizzes Created
-
Created Quiz Play Count
-
More By This Creator
Popular Quizzes Today
1
Find the Countries of Europe - No Outlines Minefield
2
Find the US States - No Outlines Minefield
3
The Countries of the World
4
Popular People in 1961
5
US States
6
1-10 Letter E Words III
7
Find the US States
8
One Thing in Common: World Cities II
More History Quizzes
Historical Events of 1899
Published
Trending Quizzes
Risky Map Clicking: Least Populous States A-Z
1-10 Letter F Words
1-10 Letter G Words
One Thing in Common: United Kingdom
Risky Map Clicking: Next State Alphabetically
Recently Updated
Leaping Animals
pecheneg
Reality TV Shows (A-Z)
bhenderson79
Rickey Henderson's Hall of Fame Teammates
pecheneg
Champions League XIs: Arsenal
pecheneg
Quick Pick: Celebrities in WWE's Hall of Fame
aduchscher
A-Z Keypad Blitz II
pecheneg
Multiple Oscar Actors
pecheneg
Mystery Phrase Blitz: Oscar 'Best Actors'
pecheneg
F. Scott Fitzgerald Novels
LTH
Pick 3 Villains
ddd62291
Trending Topics
Marvel
Anime
Crossword
NBA
Disney
Kpop
Harry Potter
Song
Puzzle
The Office
NFL
Country
Soccer
Pokémon
WWE
Your Account Isn't Verified!
In order to create a playlist on Sporcle, you need to verify the email address you used during registration. Go to your
Sporcle Settings
to finish the process.
Report this User
Report this user for behavior that violates our
Community Guidelines
.
Details:
Send Report
Go to the Sporcle.com Mobile Site →
Comments